000 00290nam a2200121Ia 4500
008 250224s9999 xx 000 0 und d
020 _a9781853158261
082 _a613.0432SID
100 _aSidwell Rachel
245 0 _aEasy Paediatrics
942 _cBK
999 _c476988
_d476988